His apologies /

Bibliographic Details
Main Author: Kipling, Rudyard, 1865-1936
Other Authors: Aldin, Cecil, 1870-1935
Format: Book
Language:English
Published: Garden City, N.Y. : Doubleday, Doran, 1932.
Edition:1st ed.
Subjects:

MARC

Tag First Indicator Second Indicator Subfields
LEADER 00000cam a2200000 a 4500
001 in00000090527
005 20151008063740.0
008 750917s1932 nyua 00011 engm
010 |a  32003255  
035 |a (OCoLC)01630500 
035 |9 AAK2852AM 
040 |a DLC  |c SYB  |d OCL  |d TXA  |d UtOrBLW 
049 |a TXAM  |c [1813389]  |a TXAS [kipl]  |c 2 
050 0 0 |a PR4854  |b .H5 1932 
082 0 |a 821.89 
100 1 |a Kipling, Rudyard,  |d 1865-1936. 
245 1 0 |a His apologies /  |c by Rudyard Kipling ; illustrated by Cecil Aldin. 
250 |a 1st ed. 
264 1 |a Garden City, N.Y. :  |b Doubleday, Doran,  |c 1932. 
300 |a 17 pages :  |b illustrations ;  |c 22 cm. 
336 |a text  |b txt  |2 rdacontent 
337 |a unmediated  |b n  |2 rdamedia 
338 |a volume  |b nc  |2 rdacarrier 
500 |a Printed in one side of leaf on opposite pages. 
650 0 |a Dogs  |v Poetry. 
700 1 |a Aldin, Cecil,  |d 1870-1935. 
999 |a MARS 
999 f f |s 57531962-bb69-3cfc-8f68-707426a70a1a  |i 6e7707ae-fad1-3b1d-8d65-a0fdc695a878  |t 0 
952 f f |p noncirc  |a Texas A&M University  |b College Station  |c Cushing Memorial Library & Archives  |d Cushing: Literature/Kipling (Does not check out)  |t 0  |e PR4854 .H5 1932  |h Library of Congress classification  |i unmediated -- volume 
952 f f |p normal  |a Texas A&M University  |b College Station  |c Sterling C. Evans Library  |d Evans: Library Stacks  |t 0  |e PR4854 .H5 1932  |h Library of Congress classification  |i unmediated -- volume  |m A14808085483 
998 f f |a PR4854 .H5 1932  |t 0  |l Cushing: Literature/Kipling (Does not check out) 
998 f f |a PR4854 .H5 1932  |t 0  |l Evans: Library Stacks